000 00205nam a22000857a 4500
008 161217b xxu||||| |||| 00| 0 eng d
100 _92093
_aDoshi.M.D.
245 _aGeneral Knowledge-1
260 _aCordava
_c2008
999 _c4972
_d4972